[Event "Montcada op-A 26th"]
[Site "Montcada"]
[Date "2018.06.28"]
[Round "4"]
[White "Kathmale, Sameer"]
[Black "Perales Galindo, Eduard"]
[Result "1-0"]
[WhiteElo "2335"]
[BlackElo "2164"]
[PlyCount "93"]
[EventDate "2018.06.25"]
[EventType "swiss"]
[EventRounds "9"]
[EventCountry "ESP"]
[SourceTitle "CBM 185 Extra"]
[Source "ChessBase"]
[SourceDate "2018.07.29"]
[SourceVersion "1"]
[SourceVersionDate "2018.07.29"]
[SourceQuality "1"]

1. e4 c5 2. Nf3 d6 3. d4 cxd4 4. Nxd4 Nf6 5. Nc3 g6 6. h3 Bg7 7. g4 Nc6 8. Nde2 Qa5 9. Bg2 0-0 10. 0-0 Be6 11. Nd5 Bxd5 12. exd5 Ne5 13. b3 h5 14. g5 Nh7 15. Bd2 Qa3 16. c4 a6 17. Bc3 b5 18. Qd2 Qc5 19. Bd4 Qc7 20. Qc3 bxc4 21. f4 Rac8 22. fxe5 dxe5 23. Be3 e4 24. Bd4 Bxd4+ 25. Qxd4 Nxg5 26. h4 Nf3+ 27. Bxf3 exf3 28. Rxf3 cxb3 29. axb3 Qd7 30. Rxa6 Qg4+ 31. Qxg4 hxg4 32. Re3 Rfd8 33. Rc6 Rb8 34. Rc5 Rb4 35. Rc4 Rb5 36. Rxg4 Rbxd5 37. Rxe7 Rb8 38. Re3 Kg7 39. Kg2 Rd2 40. Rgg3 Rb5 41. Kh3 Rf5 42. Rg2 Rd1 43. Ng3 Rb5 44. Rb2 f5 45. Rf3 Rd4 46. Ne2 Rd1 47. Nc3 1-0

[Event "Barcelona Sant Marti op-A 19th"]
[Site "Barcelona"]
[Date "2017.07.21"]
[Round "9.40"]
[White "Perales Galindo, Eduard"]
[Black "Sumit, Kumar1111"]
[Result "1/2-1/2"]
[WhiteElo "2185"]
[BlackElo "1975"]
[PlyCount "34"]
[EventDate "2017.07.13"]
[EventType "swiss"]
[EventRounds "9"]
[EventCountry "ESP"]
[SourceTitle "EXT 2018"]
[Source "ChessBase"]
[SourceDate "2017.10.13"]
[SourceVersion "1"]
[SourceVersionDate "2017.10.13"]
[SourceQuality "1"]

1. c4 e5 2. Nc3 Nf6 3. Nf3 Nc6 4. d3 h6 5. g3 Bb4 6. Bd2 0-0 7. Nd5 Bxd2+ 8. Qxd2 d6 9. Nxf6+ Qxf6 10. Bg2 Be6 11. 0-0 d5 12. cxd5 Bxd5 13. b4 Rad8 14. Qc3 Bxf3 15. Bxf3 Nd4 16. Qxc7 Nxf3+ 17. exf3 Qxf3 1/2-1/2

[Event "Barcelona Sant Marti op-A 19th"]
[Site "Barcelona"]
[Date "2017.07.19"]
[Round "7"]
[White "Perales Galindo, Eduard"]
[Black "Minko, Dmitry"]
[Result "1/2-1/2"]
[WhiteElo "2185"]
[BlackElo "1987"]
[PlyCount "136"]
[EventDate "2017.07.13"]
[EventType "swiss"]
[EventRounds "9"]
[EventCountry "ESP"]
[SourceTitle "EXT 2018"]
[Source "ChessBase"]
[SourceDate "2017.10.13"]
[SourceVersion "1"]
[SourceVersionDate "2017.10.13"]
[SourceQuality "1"]

1. d4 d5 2. Nf3 Nf6 3. c4 e6 4. Nc3 Be7 5. e3 0-0 6. Bd3 dxc4 7. Bxc4 a6 8. a4 c5 9. 0-0 Nbd7 10. Qe2 b6 11. Rd1 cxd4 12. exd4 Qc7 13. Bxe6 fxe6 14. Qxe6+ Rf7 15. Ng5 Ne5 16. Qxe5 Bd6 17. Nxf7 Bxe5 18. Nxe5 Bg4 19. f3 Be6 20. Bg5 h6 21. Bxf6 gxf6 22. Ng4 Kg7 23. Nf2 Bb3 24. Rd2 Rd8 25. Re1 Kf7 26. Re4 Qc6 27. g3 b5 28. axb5 axb5 29. Rf4 Kg6 30. Kg2 Bd5 31. Nfe4 Bxe4 32. fxe4 b4 33. Nd5 Rxd5 34. exd5 Qxd5+ 35. Kg1 b3 36. Rdf2 f5 37. h3 Qc4 38. Kh2 h5 39. h4 Qd3 40. Kg2 Qd1 41. Rxf5 Qxd4 42. Rg5+ Kh6 43. Re2 Qc4 44. Rd2 Qe4+ 45. Kh2 Qe6 46. Rg2 Qe1 47. Rb5 Qe3 48. Rb4 Qe6 49. Rf2 Qe3 50. Rbf4 Qe1 51. Rf6+ Kg7 52. Rf7+ Kg8 53. R7f4 Kg7 54. g4 hxg4 55. Rxg4+ Kh6 56. Rfg2 Qe5+ 57. Kh3 Qe3+ 58. R4g3 Qe6+ 59. Kh2 Qe5 60. Rf2 Kh5 61. Rf5+ Qxf5 62. Rg5+ Qxg5 63. hxg5 Kxg5 64. Kg3 Kf5 65. Kf3 Ke5 66. Ke3 Kd5 67. Kd3 Kc5 68. Kc3 Kc6 1/2-1/2

[Event "Barcelona Sant Marti op-A 19th"]
[Site "Barcelona"]
[Date "2017.07.18"]
[Round "6"]
[White "Perpinya Rofes, Lluis Maria"]
[Black "Perales Galindo, Eduard"]
[Result "1-0"]
[WhiteElo "2352"]
[BlackElo "2185"]
[PlyCount "83"]
[EventDate "2017.07.13"]
[EventType "swiss"]
[EventRounds "9"]
[EventCountry "ESP"]
[SourceTitle "EXT 2018"]
[Source "ChessBase"]
[SourceDate "2017.10.13"]
[SourceVersion "1"]
[SourceVersionDate "2017.10.13"]
[SourceQuality "1"]

1. e4 c5 2. Nf3 d6 3. d4 cxd4 4. Nxd4 Nf6 5. Nc3 g6 6. Be3 Bg7 7. f3 Nc6 8. Bc4 0-0 9. Bb3 Bd7 10. h4 h5 11. Qd2 Rc8 12. 0-0-0 Ne5 13. Bg5 Rc5 14. Kb1 b5 15. g4 hxg4 16. h5 Nxh5 17. Nd5 Re8 18. Rxh5 gxh5 19. Qh2 Rxd5 20. Bxd5 Qb6 21. Nf5 Bxf5 22. exf5 Nxf3 23. Qxh5 Nxg5 24. Qxg5 Qc5 25. Qxg4 Qe3 26. Qh5 e6 27. fxe6 Rxe6 28. Bxe6 Qxe6 29. Qxb5 Qe5 30. Qxe5 Bxe5 31. c4 Kg7 32. Rd5 Kf6 33. Kc2 Ke6 34. b4 f5 35. Kd3 Bg3 36. a4 Bf2 37. Rb5 f4 38. Ke4 Be3 39. Rb7 Bd2 40. a5 f3 41. Kxf3 Ke5 42. Ke2 1-0

[Event "Barcelona Sant Marti op-A 19th"]
[Site "Barcelona"]
[Date "2017.07.13"]
[Round "1"]
[White "Perales Galindo, Eduard"]
[Black "Alcaraz Lopez, Francesco"]
[Result "1/2-1/2"]
[WhiteElo "2185"]
[BlackElo "1811"]
[PlyCount "80"]
[EventDate "2017.07.13"]
[EventType "swiss"]
[EventRounds "9"]
[EventCountry "ESP"]
[SourceTitle "EXT 2018"]
[Source "ChessBase"]
[SourceDate "2017.10.13"]
[SourceVersion "1"]
[SourceVersionDate "2017.10.13"]
[SourceQuality "1"]

1. e4 c5 2. Nf3 Nc6 3. d4 cxd4 4. Nxd4 g6 5. Nc3 Bg7 6. Be3 Nf6 7. Bc4 0-0 8. Bb3 a6 9. f3 Na5 10. 0-0 Nxb3 11. axb3 d6 12. Qd2 Bd7 13. Rfe1 Rc8 14. Nd5 e6 15. Nxf6+ Bxf6 16. c3 Bc6 17. b4 Qc7 18. Nxc6 Qxc6 19. Bd4 Bxd4+ 20. Qxd4 Rfd8 21. Rad1 d5 22. e5 Qc4 23. Qxc4 Rxc4 24. Kf2 Kf8 25. Ke3 Ke7 26. Rd4 Rxd4 27. Kxd4 Rc8 28. b3 b5 29. h4 f5 30. exf6+ Kxf6 31. f4 h5 32. Re5 Rc6 33. Re3 Rc7 34. Re5 Rc6 35. Rg5 Rc7 36. g3 Rc8 37. Re5 Rc6 38. Re2 Kf5 39. Re5+ Kf6 40. Rg5 Rc7 1/2-1/2

[Event "Llinars del Valles op-A 7th"]
[Site "Llinars del Valles"]
[Date "2013.05.18"]
[Round "5"]
[White "Perales Galindo, Eduard"]
[Black "Ortega Serra, Marc"]
[Result "1-0"]
[WhiteElo "2259"]
[BlackElo "2178"]
[PlyCount "57"]
[EventDate "2013.04.13"]
[EventType "swiss"]
[EventRounds "7"]
[EventCountry "ESP"]
[SourceTitle "EXT 2014"]
[Source "ChessBase"]
[SourceDate "2013.11.20"]
[SourceVersion "1"]
[SourceVersionDate "2013.11.20"]
[SourceQuality "1"]

1. c4 e6 2. Nc3 d5 3. d4 Bb4 4. Nf3 c6 5. e3 Nf6 6. Qc2 0-0 7. Bd2 Nbd7 8. Bd3 dxc4 9. Bxc4 c5 10. 0-0 a6 11. a4 cxd4 12. exd4 Nb6 13. Ba2 Bd7 14. a5 Bxa5 15. Bb1 Bxc3 16. bxc3 h6 17. Ne5 Bc6 18. Re1 Qd5 19. f3 Rfe8 20. Qc1 Qd8 21. Bxh6 gxh6 22. Qxh6 Nbd7 23. Nxd7 Qxd7 24. Re5 Ne4 25. fxe4 f5 26. exf5 Qg7 27. Qxg7+ Kxg7 28. fxe6 Kf6 29. Ba2 1-0

[Event "Llinars del Valles op-A 7th"]
[Site "Llinars del Valles"]
[Date "2013.05.04"]
[Round "4"]
[White "Porras Mateo, Felipe"]
[Black "Perales Galindo, Eduard"]
[Result "1-0"]
[WhiteElo "2154"]
[BlackElo "2259"]
[PlyCount "61"]
[EventDate "2013.04.13"]
[EventType "swiss"]
[EventRounds "7"]
[EventCountry "ESP"]
[SourceTitle "EXT 2014"]
[Source "ChessBase"]
[SourceDate "2013.11.20"]
[SourceVersion "1"]
[SourceVersionDate "2013.11.20"]
[SourceQuality "1"]

1. d4 c5 2. d5 e5 3. e4 d6 4. Nc3 a6 5. a4 Ne7 6. Nf3 Ng6 7. Nd2 Be7 8. Nc4 b6 9. Ra3 Ra7 10. g3 Rb7 11. h4 0-0 12. Ne3 Bd7 13. h5 Nh8 14. Nf5 Bxf5 15. exf5 h6 16. Qg4 Kh7 17. f6 Bxf6 18. Bd3+ Kg8 19. Bxh6 e4 20. Nxe4 Bxb2 21. Qf5 Re8 22. Be3 Bxa3 23. Qh7+ Kf8 24. Qxh8+ Ke7 25. Qxg7 Kd7 26. Nf6+ Kc8 27. Nxe8 Qxe8 28. h6 Re7 29. h7 Rxe3+ 30. fxe3 Qxe3+ 31. Be2 1-0

[Event "Barcelona Barri Gotic op 2nd"]
[Site "Barcelona"]
[Date "2013.04.15"]
[Round "1.4"]
[White "Ritter Aguilar, Jordi"]
[Black "Perales Galindo, Eduard"]
[Result "0-1"]
[WhiteElo "1896"]
[BlackElo "2259"]
[PlyCount "44"]
[EventDate "2013.04.15"]
[EventType "swiss"]
[EventRounds "8"]
[EventCountry "ESP"]
[SourceTitle "EXT 2024"]
[Source "ChessBase"]
[SourceDate "2023.10.10"]
[SourceVersion "1"]
[SourceVersionDate "2023.10.10"]
[SourceQuality "1"]

1. e4 g6 2. g3 d5 3. Nc3 d4 4. Nb1 e5 5. d3 Nc6 6. Bg2 Be6 7. Nf3 f6 8. 0-0 Qd7 9. Re1 0-0-0 10. Nbd2 Bh3 11. Bh1 h5 12. Nb3 g5 13. Bd2 h4 14. a3 Qh7 15. Qe2 Nge7 16. c3 Ng6 17. cxd4 exd4 18. Rec1 Nge5 19. Nxe5 Nxe5 20. f3 hxg3 21. Nc5 Bd6 22. hxg3 Bf1 0-1

[Event "Llinars op Tardor Llinars d I"]
[Site "Llinars del Valles"]
[Date "2009.11.20"]
[Round "8.2"]
[White "Perales Galindo, Eduard"]
[Black "Buldo Polls, Joan"]
[Result "1/2-1/2"]
[WhiteElo "2280"]
[BlackElo "2110"]
[PlyCount "40"]
[EventDate "2009.10.02"]
[EventType "swiss"]
[EventRounds "9"]
[EventCountry "ESP"]
[SourceTitle "EXT 2024"]
[Source "ChessBase"]
[SourceDate "2023.10.10"]
[SourceVersion "1"]
[SourceVersionDate "2023.10.10"]
[SourceQuality "1"]

1. e4 c5 2. Nf3 d6 3. d4 cxd4 4. Nxd4 Nf6 5. Nc3 a6 6. Bc4 e6 7. Bb3 Be7 8. Be3 Nc6 9. Qe2 0-0 10. 0-0-0 Qc7 11. g4 Nxd4 12. Bxd4 e5 13. Be3 Bxg4 14. f3 Be6 15. Rhg1 Rfd8 16. Qf2 Rdc8 17. Bb6 Qc6 18. Ba4 Qc4 19. Bb3 Qc6 20. Ba4 Qc4 1/2-1/2

[Event "Barbera del Valles op 27th"]
[Site "Barbera del Valles"]
[Date "2004.07.05"]
[Round "1"]
[White "Perales Galindo, Eduard"]
[Black "Grigore, George Gabriel"]
[Result "0-1"]
[WhiteElo "2184"]
[BlackElo "2507"]
[PlyCount "90"]
[EventDate "2004.07.05"]
[EventType "swiss"]
[EventRounds "6"]
[EventCountry "ESP"]
[SourceTitle "CBM 101 Extra"]
[Source "ChessBase"]
[SourceDate "2004.09.01"]
[SourceVersion "2"]
[SourceVersionDate "2004.09.01"]
[SourceQuality "1"]

1. d4 Nf6 2. Nc3 d6 3. e4 e5 4. Nf3 Nbd7 5. Bc4 Be7 6. h3 0-0 7. Be3 a6 8. a4 b6 9. 0-0 Bb7 10. d5 c6 11. dxc6 Bxc6 12. Qd3 Qc8 13. Nh4 g6 14. Nf3 Qb7 15. Bh6 Nc5 16. Qe2 Nfxe4 17. Nxe4 Bxe4 18. Bxf8 Rxf8 19. Rfd1 a5 20. Ne1 Ne6 21. Bxe6 fxe6 22. f3 Bc6 23. c4 Rf4 24. Nd3 Rf5 25. Nf2 Bf8 26. b3 Qe7 27. Ng4 Rf4 28. Ra2 Qg5 29. Rad2 h5 30. Nh2 e4 31. fxe4 Bxe4 32. Rf1 d5 33. Kh1 Rxf1+ 34. Nxf1 Qf5 35. Kg1 Bc5+ 36. Kh2 Qe5+ 37. Kh1 Qc3 38. Kh2 Qxb3 39. cxd5 exd5 40. Qb5 Qxb5 41. axb5 a4 42. Kg3 a3 43. Ra2 Bd3 44. Nd2 Bxb5 45. Nb1 Bc4 0-1

[Event "Badalona op 12th"]
[Site "Badalona"]
[Date "2004.06.06"]
[Round "7"]
[White "Fluvia Poyatos, Joan"]
[Black "Perales Galindo, Eduard"]
[Result "1-0"]
[WhiteElo "2450"]
[BlackElo "2109"]
[PlyCount "49"]
[EventDate "2004.04.25"]
[EventType "swiss"]
[EventRounds "9"]
[EventCountry "ESP"]
[SourceTitle "CBM 100 Extra"]
[Source "ChessBase"]
[SourceDate "2004.07.06"]
[SourceVersion "2"]
[SourceVersionDate "2004.07.06"]
[SourceQuality "1"]

1. e4 c5 2. Nf3 d6 3. d4 cxd4 4. Nxd4 Nf6 5. Nc3 g6 6. Be2 Bg7 7. 0-0 0-0 8. Re1 Nc6 9. Nb3 Be6 10. Bf1 a5 11. a4 Bxb3 12. cxb3 Nb4 13. Nd5 Nfxd5 14. exd5 Rc8 15. Bc4 h6 16. Qe2 Kh7 17. Rb1 Bf6 18. Be3 Kg7 19. Qd2 Rh8 20. Re2 Qc7 21. Rbe1 Qd7 22. Bd4 Rc7 23. Rxe7 Qxe7 24. Rxe7 Rxe7 25. Bxf6+ 1-0

[Event "Sant Boi op"]
[Site "Sant Boi de Llobregat"]
[Date "1998.??.??"]
[Round "5"]
[White "Perales Galindo, Eduard"]
[Black "Vazquez Gamero, Miguel"]
[Result "0-1"]
[WhiteElo "2180"]
[BlackElo "2255"]
[PlyCount "85"]
[EventDate "1998.??.??"]
[EventType "swiss"]
[EventRounds "8"]
[EventCountry "ESP"]
[SourceTitle "EXT 2003"]
[Source "ChessBase"]
[SourceDate "2002.11.25"]
[SourceVersion "1"]
[SourceVersionDate "2002.11.25"]
[SourceQuality "1"]

1. a3 Nf6 2. c4 e5 3. Nc3 Nc6 4. g3 a5 5. Bg2 Bc5 6. e3 0-0 7. Nge2 d6 8. d4 Bb6 9. 0-0 Bg4 10. h3 Bh5 11. g4 Bxg4 12. hxg4 Nxg4 13. f3 Nh6 14. Nd5 Ba7 15. b4 Nf5 16. Bh3 exd4 17. Bxf5 Qg5+ 18. Bg4 f5 19. exd4 Qh4 20. Qe1 Qxe1 21. Rxe1 fxg4 22. fxg4 Nxd4 23. Be3 Nf3+ 24. Kg2 Nxe1+ 25. Rxe1 Bxe3 26. Nxe3 axb4 27. axb4 Rae8 28. Nc3 Rf4 29. Re2 h6 30. Kg3 Rd4 31. Nb5 Rxc4 32. Nxc4 Rxe2 33. Na5 b6 34. Nc6 Rc2 35. Nbd4 Rc3+ 36. Kf4 Kf7 37. b5 Kf6 38. Nb4 Rc4 39. Nd5+ Kf7 40. Ke4 Rc5 41. Nb4 h5 42. gxh5 Rxh5 43. Nd5 0-1